Online Catalogue and eLibrary

Thol seer samuokaviyal sinthanaiyaalar (Record no. 1228)

MARC details
000 -LEADER
fixed length control field 00237nam a2200097Ia 4500
008 - FIXED-LENGTH DATA ELEMENTS--GENERAL INFORMATION
fixed length control field 240331s9999 xx 000 0 und d
082 ## - DDC Classification
Class No. 303.4
Item Number - Author Mark SHA
100 ## - MAIN ENTRY--PERSONAL NAME
Personal name Shanmulingan,N
245 #0 - TITLE STATEMENT
Title Thol seer samuokaviyal sinthanaiyaalar
942 ## - Koha item type (Biblio)
Koha item type Books in Stacks (Lending)
Holdings
Lost status Damaged status Collection code Home library Current library Shelving location Date acquired Full call number Accession Number Item type
    Lending WERC Library WERC Library Social Science Cupboard 03/31/2024 303.4 SHA 4759 Books in Stacks (Lending)

© WERC Library